Normal view
MARC view
- Ahmed, Muhammad Waqas
Entry Personal Name
001 - CONTROL NUMBER
- control field: 16148
003 - CONTROL NUMBER IDENTIFIER
- control field: NUST
005 - DATE AND TIME OF LATEST TRANSACTION
- control field: 20190701063227.0
008 - FIXED-LENGTH DATA ELEMENTS
- fixed length control field: 190701|| aca||aabn | a|a d
040 ## - CATALOGING SOURCE
- Original cataloging agency: NUST
- Transcribing agency: NUST
100 ## - HEADING--PERSONAL NAME
- Personal name: Ahmed, Muhammad Waqas
670 ## - SOURCE DATA FOUND
- Source citation: Work cat.: (NUST): Ahmed, Muhammad Waqas, An Assessment Resource Kit for Adapting ABET culture /, 2012.
